[Event "19th EUR-ch"]
[Site "Batumi GEO"]
[Date "2018.03.25"]
[Round "8.150"]
[White "Pipia, Ekaterine"]
[Black "Tskipurishvili, Daviti"]
[Result "1/2-1/2"]
[WhiteElo "1737"]
[BlackElo "1710"]
[EventDate "2018.03.17"]
[PlyCount "79"]

1.d4 d5 2.c4 c6 3.cxd5 cxd5 4.Bf4 Nf6 5.e3 a6 6.Nc3 Nc6 7.Bd3 e6 8.Nf3 Bd6
9.Bg5 O-O 10.O-O h6 11.Bh4 Bd7 12.e4 dxe4 13.Bxf6 Qxf6 14.Nxe4 Qe7 15.Nxd6
Qxd6 16.a3 Rfd8 17.Bc2 Be8 18.Qd3 g6 19.Rad1 Ne7 20.Qe3 Kg7 21.Ne5 Rac8 
22.Be4 Nf5 23.Bxf5 exf5 24.h4 h5 25.Rfe1 Bc6 26.Nxc6 Rxc6 27.Qd3 Rc7 28.
Re2 Rcd7 29.Qc3 Qf6 30.Red2 Qxh4 31.d5+ Qf6 32.Qb4 Qd6 33.Qd4+ Qf6 34.Qb4 
Qd6 35.Qc3+ Qf6 36.Rd4 Ra8 37.Qd3 Qd6 38.b4 b5 39.Qb3 Rc7 40.a4 1/2-1/2

[Event "19th EUR-ch"]
[Site "Batumi GEO"]
[Date "2018.03.26"]
[Round "9.2"]
[White "Matlakov, Maxim"]
[Black "Nabaty, Tamir"]
[Result "1-0"]
[WhiteElo "2707"]
[BlackElo "2690"]
[EventDate "2018.03.17"]
[PlyCount "79"]

1.d4 d5 2.c4 e6 3.Nf3 Nf6 4.Nc3 a6 5.cxd5 exd5 6.Bg5 Be6 7.e3 h6 8.Bxf6 
Qxf6 9.Qb3 Ra7 10.Bd3 Nd7 11.O-O Bd6 12.Rae1 O-O 13.Bb1 Qd8 14.Qc2 g6 15.
e4 dxe4 16.Nxe4 Bd5 17.Qc3 a5 18.Qe3 Kg7 19.Ne5 Ra6 20.f4 Bb4 21.Nc3 Re8 
22.Qg3 Nf8 23.f5 g5 24.f6+ Rxf6 25.Rxf6 Bxc3 26.Rxf7+ Bxf7 27.bxc3 Ng6 28.
Qd3 Re6 29.Rf1 Be8 30.Ng4 Qe7 31.d5 Qc5+ 32.Kh1 Re7 33.c4 Kh8 34.Qc3+ Rg7 
35.Nxh6 Qb4 36.Qd4 Qb6 37.Qc3 Qb4 38.Qh3 Qxc4 39.Nf7+ Kg8 40.Qh8+ 1-0

[Event "19th EUR-ch"]
[Site "Batumi GEO"]
[Date "2018.03.26"]
[Round "9.3"]
[White "Korobov, Anton"]
[Black "McShane, Luke"]
[Result "1-0"]
[WhiteElo "2664"]
[BlackElo "2647"]
[EventDate "2018.03.17"]
[PlyCount "95"]

1.d4 d5 2.c4 c6 3.Nf3 Nf6 4.Nc3 a6 5.c5 Nbd7 6.Bf4 Nh5 7.Bd2 Nhf6 8.Rc1 g6
9.g3 Bg7 10.Bg2 O-O 11.O-O Re8 12.Na4 Ra7 13.Re1 Ne4 14.Bf4 Nf8 15.Nd2 
Nxd2 16.Qxd2 Be6 17.b3 Nd7 18.Rcd1 Bf5 19.h3 a5 20.g4 Be6 21.Bg3 Nf6 22.f3
Nd7 23.e4 b6 24.cxb6 Nxb6 25.Nc5 Bc8 26.e5 Nd7 27.Rc1 e6 28.Na4 Nb6 29.Nb2
Bb7 30.f4 a4 31.Nd3 axb3 32.axb3 Nd7 33.f5 exf5 34.gxf5 gxf5 35.Rf1 f6 36.
Rxf5 fxe5 37.dxe5 Nf8 38.Qf2 Qa8 39.Rf7 Ra2 40.Rxg7+ Kxg7 41.Qf6+ Kg8 42.
Bxd5+ cxd5 43.Rc7 Ra1+ 44.Kh2 Qa2+ 45.Nf2 Rh1+ 46.Kxh1 Qb1+ 47.Kh2 Qg6 48.
Rxb7 1-0

[Event "19th EUR-ch"]
[Site "Batumi GEO"]
[Date "2018.03.26"]
[Round "9.5"]
[White "Siugirov, Sanan"]
[Black "Mamedov, Rauf"]
[Result "1/2-1/2"]
[WhiteElo "2652"]
[BlackElo "2709"]
[EventDate "2018.03.17"]
[PlyCount "68"]

1.e4 c5 2.Nf3 Nc6 3.d4 cxd4 4.Nxd4 Nf6 5.Nc3 e5 6.Ndb5 d6 7.Bg5 a6 8.Na3 
b5 9.Bxf6 gxf6 10.Nd5 f5 11.Bd3 Be6 12.O-O Bxd5 13.exd5 Ne7 14.Re1 Bg7 15.
c3 O-O 16.Nc2 Re8 17.Qh5 e4 18.Bf1 Nxd5 19.Qxf5 Re5 20.Qh3 Qf6 21.a4 Nf4 
22.Qd7 Rd8 23.Qb7 Qh4 24.g3 Nh3+ 25.Bxh3 Qxh3 26.Ne3 Bh6 27.Qxa6 f5 28.
Rad1 f4 29.Rxd6 Rxd6 30.Qxd6 fxe3 31.Qxe5 exf2+ 32.Kxf2 Qxh2+ 33.Kf1 Qh1+ 
34.Kf2 Qh2+ 1/2-1/2

[Event "19th EUR-ch"]
[Site "Batumi GEO"]
[Date "2018.03.26"]
[Round "9.6"]
[White "Paravian, David"]
[Black "Yakovenko, Dmitry"]
[Result "1/2-1/2"]
[WhiteElo "2613"]
[BlackElo "2746"]
[EventDate "2018.03.17"]
[PlyCount "84"]

1.Nf3 d5 2.d4 Nf6 3.c4 e6 4.Nc3 Be7 5.Bf4 O-O 6.e3 Nbd7 7.a3 c5 8.cxd5 
Nxd5 9.Nxd5 exd5 10.dxc5 Nxc5 11.Be5 Bf6 12.Bxf6 Qxf6 13.Qd4 Qxd4 14.Nxd4 
Bd7 15.g3 Ne6 16.Rd1 Rfd8 17.Bg2 Nxd4 18.Rxd4 Be6 19.O-O Rd7 20.Rfd1 Rad8 
21.g4 Kf8 22.Bf3 Ke7 23.Kg2 g5 24.Kg3 h6 25.h4 Rd6 26.R1d2 R8d7 27.Bd1 Rb6
28.f4 f6 29.Bf3 Rb3 30.hxg5 hxg5 31.f5 Bf7 32.Kf2 Rd8 33.Bd1 Rb6 34.b4 Rc6
35.Bb3 Rc3 36.R2d3 Rxd3 37.Rxd3 Kd6 38.e4 Ke5 39.exd5 Rh8 40.Kg3 Kd6 41.
Bd1 Rc8 42.Kf2 Rh8 1/2-1/2

[Event "19th EUR-ch"]
[Site "Batumi GEO"]
[Date "2018.03.26"]
[Round "9.7"]
[White "Cheparinov, Ivan"]
[Black "Alekseev, Evgeny"]
[Result "1-0"]
[WhiteElo "2693"]
[BlackElo "2617"]
[EventDate "2018.03.17"]
[PlyCount "135"]

1.e4 e5 2.Nf3 Nc6 3.d4 exd4 4.Nxd4 Nf6 5.Nxc6 bxc6 6.e5 Qe7 7.Qe2 Nd5 8.h4
d6 9.c4 Nb6 10.exd6 cxd6 11.Be3 Be6 12.Qc2 Qd7 13.Nd2 d5 14.O-O-O d4 15.
Ne4 c5 16.Bf4 Be7 17.Bd3 h6 18.Rde1 O-O-O 19.h5 Kb7 20.f3 a5 21.Kb1 Ka6 
22.Re2 Qa4 23.b3 Qc6 24.Rhe1 Rhe8 25.Be5 Bf8 26.g4 f6 27.Bg3 Bf7 28.a3 Ka7
29.Qd2 Ka6 30.Rc1 Nd7 31.b4 Qb6 32.b5+ Ka7 33.f4 f5 34.gxf5 Bxh5 35.Ree1 
Bf7 36.Nf2 Rxe1 37.Rxe1 Nf6 38.Nd1 Re8 39.Nb2 Kb8 40.Na4 Qa7 41.Re5 Bd6 
42.Ka1 Kc8 43.Qe1 Kd8 44.Qh1 Qb8 45.Qc6 Bxe5 46.fxe5 Rxe5 47.Nxc5 Rxc5 48.
Bxb8 Rxc6 49.bxc6 Be8 50.c7+ Kc8 51.c5 Bc6 52.Ba6+ Bb7 53.Bb5 Nd5 54.c6 
Nxc7 55.Bxc7 Bxc6 56.Bxc6 Kxc7 57.Be8 Kd6 58.Kb2 Ke5 59.Bg6 h5 60.Bxh5 
Kxf5 61.Kc2 Ke4 62.Kd2 g5 63.Bg4 Kd5 64.Kd3 Kc5 65.Bd1 Kd5 66.Be2 a4 67.
Bd1 Kc5 68.Bf3 1-0

[Event "19th EUR-ch"]
[Site "Batumi GEO"]
[Date "2018.03.26"]
[Round "9.8"]
[White "Kravtsiv, Martyn"]
[Black "Bok, Benjamin"]
[Result "0-1"]
[WhiteElo "2685"]
[BlackElo "2622"]
[EventDate "2018.03.17"]
[PlyCount "90"]

1.d4 Nf6 2.Bf4 d5 3.Nf3 c5 4.e3 Nc6 5.Nbd2 cxd4 6.exd4 Qb6 7.Nb3 Bf5 8.a4 
a6 9.a5 Qd8 10.Bd3 Bxd3 11.Qxd3 e6 12.O-O Be7 13.Ne5 O-O 14.Nxc6 bxc6 15.
Rfc1 Qd7 16.c4 Qb7 17.Nc5 Bxc5 18.dxc5 Rfd8 19.Be5 Ne8 20.f4 f6 21.Bc3 
dxc4 22.Qxc4 Rd5 23.Rd1 Rad8 24.Rxd5 Rxd5 25.Re1 Nc7 26.Re3 Qb5 27.Qxb5 
cxb5 28.b4 Rd1+ 29.Kf2 Kf7 30.Ke2 Nd5 31.c6 Rc1 32.Kd2 Rxc3 33.Rxc3 Nxc3 
34.Kxc3 Ke7 35.Kd4 Kd6 36.c7 Kxc7 37.Kc5 h5 38.g3 g6 39.h3 g5 40.fxg5 fxg5
41.g4 h4 42.Kd4 Kd6 43.Ke4 e5 44.Kf5 Kd5 45.Kxg5 e4 0-1

[Event "19th EUR-ch"]
[Site "Batumi GEO"]
[Date "2018.03.26"]
[Round "9.10"]
[White "Naer, Evgeny"]
[Black "Hovhannisyan, Robert"]
[Result "1/2-1/2"]
[WhiteElo "2683"]
[BlackElo "2601"]
[EventDate "2018.03.17"]
[PlyCount "61"]

1.e4 e5 2.Nf3 Nc6 3.Bc4 Bc5 4.d3 Nf6 5.Bg5 h6 6.Bh4 Be7 7.Bg3 d6 8.a4 O-O 
9.O-O g6 10.h3 Nh5 11.Bh2 Bg5 12.Nc3 Bf4 13.a5 a6 14.Nd5 Bxh2+ 15.Kxh2 Be6
16.Qd2 Kh7 17.Rae1 Re8 18.d4 Nxd4 19.Nxd4 exd4 20.Qxd4 c6 21.Nb6 Rb8 22.b4
Qe7 23.Re3 Rbd8 24.Rfe1 Qg5 25.g3 Qf6 26.Qxf6 Nxf6 27.Bf1 d5 28.exd5 Nxd5 
29.Nxd5 Rxd5 30.Bc4 Rd6 31.Bxe6 1/2-1/2

[Event "19th EUR-ch"]
[Site "Batumi GEO"]
[Date "2018.03.26"]
[Round "9.11"]
[White "Sargissian, Gabriel"]
[Black "Predke, Alexander"]
[Result "1/2-1/2"]
[WhiteElo "2677"]
[BlackElo "2595"]
[EventDate "2018.03.17"]
[PlyCount "113"]

1.d4 Nf6 2.c4 e6 3.Nf3 b6 4.g3 Bb7 5.Bg2 Bb4+ 6.Bd2 Be7 7.Nc3 c6 8.e4 d5 
9.e5 Ne4 10.Be3 c5 11.cxd5 Nxc3 12.bxc3 Bxd5 13.O-O Nd7 14.Nd2 Bxg2 15.
Kxg2 cxd4 16.cxd4 O-O 17.Qg4 Kh8 18.Nf3 Nb8 19.Qe4 Na6 20.Rfc1 Nb4 21.a3 
Nd5 22.Bd2 Qd7 23.h4 Rfc8 24.Ng5 Bxg5 25.hxg5 Ne7 26.Rh1 Ng6 27.Bb4 Qc6 
28.Qxc6 Rxc6 29.Rac1 Rac8 30.Rxc6 Rxc6 31.Kf3 Kg8 32.Ke4 a5 33.Bd6 f6 34.
gxf6 gxf6 35.Kd3 fxe5 36.dxe5 b5 37.Rb1 b4 38.axb4 axb4 39.Rxb4 h5 40.f4 
Rc1 41.Rb8+ Kf7 42.Rb7+ Kg8 43.Kd2 Rh1 44.Be7 Nxe7 45.Rxe7 h4 46.gxh4 Rxh4
47.Ke3 Rh6 48.Kd4 Kf8 49.Ra7 Rh1 50.Ke4 Rf1 51.Ke3 Ke8 52.Ra2 Kf7 53.Rf2 
Re1+ 54.Kf3 Ra1 55.Rg2 Rf1+ 56.Kg4 Rh1 57.Ra2 1/2-1/2

[Event "19th EUR-ch"]
[Site "Batumi GEO"]
[Date "2018.03.26"]
[Round "9.12"]
[White "Demchenko, Anton"]
[Black "Bologan, Viorel"]
[Result "1-0"]
[WhiteElo "2672"]
[BlackElo "2600"]
[EventDate "2018.03.17"]
[PlyCount "74"]

1.e4 e5 2.Nf3 Nc6 3.Bc4 Bc5 4.d3 h6 5.c3 Nf6 6.O-O d6 7.a4 a6 8.Nbd2 Ba7 
9.Re1 g5 10.Nf1 g4 11.N3d2 h5 12.Ne3 h4 13.Ndf1 Rg8 14.b4 Be6 15.Bxe6 fxe6
16.b5 Ne7 17.d4 exd4 18.cxd4 Qd7 19.Rb1 axb5 20.Rxb5 c6 21.Rb3 O-O-O 22.
Nc4 d5 23.Na5 b6 24.Qe2 Kb8 25.Ba3 Nc8 26.Rc1 Ka8 27.Nxc6 Nxe4 28.Nxd8 
Qxd8 29.Nd2 Nxd2 30.Qxd2 Nd6 31.Bxd6 Qxd6 32.g3 hxg3 33.hxg3 Qd7 34.Qh6 b5
35.axb5 Bxd4 36.b6 Qf7 37.Qd2 e5 1-0

[Event "19th EUR-ch"]
[Site "Batumi GEO"]
[Date "2018.03.26"]
[Round "9.13"]
[White "Saric, Ivan"]
[Black "Donchenko, Alexander"]
[Result "1-0"]
[WhiteElo "2657"]
[BlackElo "2588"]
[EventDate "2018.03.17"]
[PlyCount "137"]

1.e4 c6 2.Nc3 d5 3.Nf3 dxe4 4.Nxe4 Nf6 5.Qe2 Nxe4 6.Qxe4 Qd5 7.Qh4 Qe6+ 8.
Be2 Qg4 9.Qg3 g6 10.d4 Bg7 11.Bf4 Qxg3 12.hxg3 Nd7 13.a4 O-O 14.a5 Re8 15.
O-O-O Nf6 16.Bc4 Nd5 17.Rde1 Be6 18.Bh6 Nc7 19.Bd3 Bd5 20.c3 Ne6 21.Bxg7 
Kxg7 22.Ne5 f6 23.Nf3 Nc7 24.Re2 Rad8 25.Kc2 Rd7 26.Rhe1 Kf7 27.Nd2 Kf8 
28.f3 Red8 29.Ne4 b6 30.Ra1 Ne8 31.g4 Nc7 32.g3 Bf7 33.b4 Ne8 34.f4 Nd6 
35.g5 Nxe4 36.Bxe4 Rc7 37.Rh2 Kg7 38.axb6 axb6 39.Ra6 Rb8 40.Kd3 fxg5 41.
fxg5 Bd5 42.c4 Bxe4+ 43.Kxe4 Rd7 44.Ke5 b5 45.c5 Rd5+ 46.Ke6 Rxd4 47.Rh4 
Rd3 48.Ra7 Re8 49.Rxe7+ Rxe7+ 50.Kxe7 h5 51.gxh6+ Kh7 52.Rh1 Rd4 53.Ke6 
Rxb4 54.Kd6 Rg4 55.Kxc6 b4 56.Kb5 b3 57.c6 Rxg3 58.Kb4 Rf3 59.c7 Rf8 60.
Kc5 g5 61.Kd6 g4 62.Rb1 Kxh6 63.Rxb3 Rc8 64.Rb5 g3 65.Kd7 g2 66.Rb1 Rg8 
67.c8=Q g1=Q 68.Rxg1 Rxg1 69.Qh8+ 1-0

[Event "19th EUR-ch"]
[Site "Batumi GEO"]
[Date "2018.03.26"]
[Round "9.14"]
[White "Rakhmanov, Aleksandr"]
[Black "Sarana, Alexey"]
[Result "0-1"]
[WhiteElo "2655"]
[BlackElo "2577"]
[EventDate "2018.03.17"]
[PlyCount "104"]

1.Nf3 Nf6 2.g3 g6 3.Bg2 Bg7 4.O-O d5 5.d4 c6 6.Nbd2 O-O 7.c4 Nbd7 8.b3 Ne4
9.Bb2 Ndf6 10.Ne5 Bf5 11.Ndf3 Qc8 12.Rc1 Bh3 13.e3 Bxg2 14.Kxg2 Qd8 15.Qe2
Rc8 16.Rfd1 e6 17.Ba3 Re8 18.Nd3 Nd7 19.Rc2 Qa5 20.Bb4 Qb6 21.Rdc1 a5 22.
Ba3 Qa6 23.Nfe5 Nef6 24.Qf3 Nxe5 25.Nxe5 Qb6 26.Bd6 Qd8 27.c5 Bf8 28.b4 
axb4 29.Rb1 Kg7 30.g4 h6 31.h4 Bxd6 32.cxd6 Rf8 33.Rxb4 b5 34.Rb1 Qxd6 35.
Qf4 Ne4 36.f3 f6 37.Nxg6 Kxg6 38.fxe4 Qxf4 39.exf4 dxe4 40.h5+ Kf7 41.Rbc1
Rg8 42.Kh3 Rgd8 43.Rxc6 Rxc6 44.Rxc6 Rxd4 45.Rc7+ Kf8 46.Kg3 e3 47.Rc2 Rd2
48.Rc8+ Kf7 49.Rc7+ Kf8 50.Rc8+ Ke7 51.Rc7+ Kd6 52.Rf7 Rh2 0-1

[Event "19th EUR-ch"]
[Site "Batumi GEO"]
[Date "2018.03.26"]
[Round "9.15"]
[White "Piorun, Kacper"]
[Black "Lomasov, Semen"]
[Result "1-0"]
[WhiteElo "2653"]
[BlackElo "2551"]
[EventDate "2018.03.17"]
[PlyCount "57"]

1.e4 e5 2.Nf3 Nc6 3.Bb5 a6 4.Ba4 Nf6 5.O-O Nxe4 6.d4 b5 7.Bb3 d5 8.Nxe5 
Nxe5 9.dxe5 Be6 10.Be3 Be7 11.c3 O-O 12.f3 Nc5 13.Bc2 Nd7 14.f4 f5 15.Nd2 
c5 16.Nf3 Nb6 17.Bf2 Rb8 18.b4 cxb4 19.Nd4 Qd7 20.g4 g6 21.gxf5 gxf5 22.
Kh1 Kh8 23.Qh5 Bf7 24.Qh3 Bg6 25.Rg1 Qe8 26.Rxg6 Qxg6 27.Rg1 Qf7 28.e6 Qe8
29.Bxf5 1-0

[Event "19th EUR-ch"]
[Site "Batumi GEO"]
[Date "2018.03.26"]
[Round "9.16"]
[White "Mchedlishvili, Mikheil"]
[Black "Anton Guijarro, David"]
[Result "1/2-1/2"]
[WhiteElo "2600"]
[BlackElo "2647"]
[EventDate "2018.03.17"]
[PlyCount "56"]

1.d4 Nf6 2.Bg5 e6 3.e4 h6 4.Bxf6 Qxf6 5.c3 Nc6 6.Nf3 g5 7.Bb5 g4 8.e5 Qf4 
9.Ng1 Qe4+ 10.Kf1 d6 11.Nd2 Qg6 12.exd6 Bxd6 13.Nc4 Bd7 14.Nxd6+ cxd6 15.
Qd3 Qg5 16.h3 Ke7 17.Bxc6 Bxc6 18.hxg4 h5 19.Nh3 Qxg4 20.f3 Qg3 21.Re1 h4 
22.c4 d5 23.b3 Rh5 24.Re2 a5 25.Qe3 Rf5 26.Ng1 a4 27.Rh3 Qf4 28.Qxf4 Rxf4 
1/2-1/2

[Event "19th EUR-ch"]
[Site "Batumi GEO"]
[Date "2018.03.26"]
[Round "9.17"]
[White "Guseinov, Gadir"]
[Black "Huschenbeth, Niclas"]
[Result "1-0"]
[WhiteElo "2646"]
[BlackElo "2549"]
[EventDate "2018.03.17"]
[PlyCount "97"]

1.e4 c5 2.Nc3 d6 3.Nge2 Nf6 4.g3 g6 5.Bg2 Bg7 6.O-O O-O 7.d3 Nc6 8.h3 Rb8 
9.f4 Nd7 10.g4 b5 11.Nd5 e6 12.Ne3 Bb7 13.f5 Qh4 14.c3 Rfe8 15.a4 b4 16.
Nc4 Qe7 17.Bf4 Nce5 18.Na5 bxc3 19.bxc3 Ba8 20.d4 cxd4 21.cxd4 Nc6 22.Nxc6
Bxc6 23.Rc1 Rbc8 24.fxe6 fxe6 25.d5 Ba8 26.Rxc8 Rxc8 27.dxe6 Qxe6 28.Nd4 
Qe7 29.Nb5 Be5 30.Nxd6 Rf8 31.Bxe5 Nxe5 32.Rxf8+ Kxf8 33.Qd4 a6 34.Nc4 
Nxc4 35.Qh8+ Kf7 36.Qxh7+ Kf6 37.g5+ Ke6 38.Qg8+ Ke5 39.Qxc4 Qa7+ 40.Kh1 
Qb6 41.Qc3+ Qd4 42.Qxd4+ Kxd4 43.e5 Bxg2+ 44.Kxg2 Kxe5 45.Kf3 a5 46.Kg4 
Ke6 47.h4 Kf7 48.Kf4 Ke6 49.Ke4 1-0

[Event "19th EUR-ch"]
[Site "Batumi GEO"]
[Date "2018.03.26"]
[Round "9.18"]
[White "Yuffa, Daniil"]
[Black "Parligras, Mircea-Emilian"]
[Result "1/2-1/2"]
[WhiteElo "2521"]
[BlackElo "2642"]
[EventDate "2018.03.17"]
[PlyCount "123"]

1.d4 d5 2.c4 e6 3.Nf3 Nf6 4.g3 Bb4+ 5.Bd2 Bd6 6.Bg2 c6 7.O-O Nbd7 8.Qc2 
O-O 9.Bg5 h6 10.Bxf6 Nxf6 11.Nbd2 b6 12.e4 Be7 13.e5 Nd7 14.cxd5 cxd5 15.
Rfc1 Nb8 16.Bf1 Bd7 17.a3 a5 18.Nb1 b5 19.Bd3 Qb6 20.Qe2 Nc6 21.Bxb5 Nxe5 
22.Bxd7 Nxd7 23.Nc3 Bf6 24.Qd3 a4 25.Rc2 Qa5 26.Nd1 Rfc8 27.Rac1 Rxc2 28.
Rxc2 Rb8 29.Kg2 g6 30.Qc3 Qxc3 31.Rxc3 Nb6 32.b4 axb3 33.Rxb3 Nd7 34.Rxb8+
Nxb8 35.Ne5 Be7 36.a4 g5 37.Nc3 Bd8 38.Kf3 h5 39.Ke3 Bb6 40.h3 f6 41.Nd3 
Nc6 42.Nb5 e5 43.Ke2 e4 44.Nc5 Nxd4+ 45.Nxd4 Bxc5 46.Nb5 d4 47.a5 d3+ 48.
Kf1 f5 49.a6 g4 50.hxg4 fxg4 51.Nc3 e3 52.fxe3 Bxe3 53.Nd5 Ba7 54.Nf6+ Kf7
55.Nxh5 Ke6 56.Nf4+ Kd6 57.Nxd3 Kc6 58.Ne5+ Kb6 59.Ke2 Kxa6 60.Nxg4 Bb8 
61.Kf3 Bxg3 62.Kxg3 1/2-1/2

[Event "19th EUR-ch"]
[Site "Batumi GEO"]
[Date "2018.03.26"]
[Round "9.19"]
[White "Safarli, Eltaj"]
[Black "Gabrielian, Artur"]
[Result "1-0"]
[WhiteElo "2639"]
[BlackElo "2493"]
[EventDate "2018.03.17"]
[PlyCount "121"]

1.e4 c5 2.Nf3 d6 3.Bb5+ Nc6 4.O-O Bd7 5.Re1 Nf6 6.c3 a6 7.Bxc6 Bxc6 8.d4 
Bxe4 9.Bg5 Bc6 10.Bxf6 gxf6 11.d5 Bd7 12.Nbd2 Qc7 13.a4 Rg8 14.Nc4 e5 15.
dxe6 fxe6 16.Qd5 Kf7 17.Qh5+ Kg7 18.a5 Kh8 19.Nb6 Rd8 20.Re3 Be8 21.Qh3 e5
22.c4 Qf7 23.Nh4 Bc6 24.Rg3 Rg5 25.Rxg5 fxg5 26.Nf5 Be4 27.Ne3 Bg6 28.Qg3 
h6 29.h4 gxh4 30.Qxh4 Re8 31.Rd1 h5 32.Nbd5 Bg7 33.Nc3 Qf4 34.Qh3 Rf8 35.
Rd2 Kh7 36.Qd7 h4 37.Ncd5 Qg5 38.Nc7 Rf7 39.Qxd6 h3 40.Ne6 Qh6 41.gxh3 Be4
42.Ng4 Qg6 43.Nxg7 Rxg7 44.Qxg6+ Kxg6 45.Kh2 Kf5 46.Kg3 Rg6 47.Rd8 Bc6 48.
b3 e4 49.Rf8+ Ke6 50.h4 Ke7 51.Rf4 Rd6 52.h5 Rd3+ 53.Ne3 Be8 54.Rxe4+ Kf8 
55.h6 Bg6 56.Re6 Kf7 57.Rb6 Be4 58.Kf4 Bc6 59.Ng4 Ke6 60.Kg5 Rh3 61.f4 1-0

[Event "19th EUR-ch"]
[Site "Batumi GEO"]
[Date "2018.03.26"]
[Round "9.20"]
[White "Onischuk, Vladimir"]
[Black "Santos Ruiz, Miguel"]
[Result "1/2-1/2"]
[WhiteElo "2632"]
[BlackElo "2488"]
[EventDate "2018.03.17"]
[PlyCount "45"]

1.e4 e5 2.Bc4 Nf6 3.d3 Bc5 4.Nf3 Nc6 5.O-O d6 6.c3 a6 7.Bb3 Ba7 8.Nbd2 h6 
9.Re1 O-O 10.Nf1 Re8 11.Ng3 Be6 12.Bxe6 Rxe6 13.Nh4 d5 14.Qe2 Qd7 15.Nhf5 
Rd8 16.Qf3 dxe4 17.dxe4 Qd3 18.Be3 Bxe3 19.Nxe3 Qb5 20.b4 Ne7 21.Ngf5 Nxf5
22.Nxf5 Kh7 23.Rad1 1/2-1/2

[Event "19th EUR-ch"]
[Site "Batumi GEO"]
[Date "2018.03.26"]
[Round "9.22"]
[White "Ponomariov, Ruslan"]
[Black "Pashikian, Arman"]
[Result "0-1"]
[WhiteElo "2697"]
[BlackElo "2585"]
[EventDate "2018.03.17"]
[PlyCount "134"]

1.c4 e5 2.Nc3 Nf6 3.Nf3 Nc6 4.e3 Bb4 5.Qc2 Bxc3 6.bxc3 e4 7.Ng5 Qe7 8.f3 
exf3 9.Nxf3 O-O 10.Be2 b6 11.O-O Bb7 12.Nd4 Qe4 13.Qxe4 Nxe4 14.Rf4 Ne5 
15.Ba3 c5 16.Nb3 Ng6 17.Rf5 Rae8 18.Re1 Nd6 19.Rff1 Ba6 20.d3 Rxe3 21.Nxc5
bxc5 22.Bxc5 Re6 23.Bg4 f5 24.Bf3 Rxe1 25.Rxe1 Re8 26.Bd5+ Kh8 27.Rf1 Nc8 
28.Rxf5 d6 29.Bd4 Rf8 30.Rxf8+ Nxf8 31.Kf2 Nb6 32.Bc6 Kg8 33.Be3 Kf7 34.a4
Ne6 35.a5 Nc8 36.Ke2 Ke7 37.h4 h6 38.g4 Nd8 39.Bd5 Nb7 40.g5 hxg5 41.Bxg5+
Kf8 42.Be3 Nxa5 43.c5 Ne7 44.Bf3 d5 45.h5 Nac6 46.h6 gxh6 47.Bxh6+ Kf7 48.
Kd2 Bc8 49.Bf4 Bf5 50.Bc7 Ke6 51.d4 Kd7 52.Bd6 Be6 53.Bd1 Na5 54.Ba4+ Nec6
55.Bf4 a6 56.Kc2 Kc8 57.Kb2 Nc4+ 58.Ka2 Kb7 59.Bd1 a5 60.Ba4 Bf5 61.Bg5 
Na7 62.Be8 Bc2 63.Bf7 Be4 64.Kb3 a4+ 65.Kxa4 Bc2+ 66.Kb4 Nc6+ 67.Kb5 Na3# 
0-1

[Event "19th EUR-ch"]
[Site "Batumi GEO"]
[Date "2018.03.26"]
[Round "9.23"]
[White "Kuzubov, Yuriy"]
[Black "Martirosian, Haik"]
[Result "1/2-1/2"]
[WhiteElo "2689"]
[BlackElo "2586"]
[EventDate "2018.03.17"]
[PlyCount "132"]

1.Nf3 d5 2.d4 Nf6 3.c4 e6 4.Nc3 Be7 5.Bf4 O-O 6.e3 Nbd7 7.cxd5 Nxd5 8.Nxd5
exd5 9.a3 c6 10.Bd3 Nf6 11.Qc2 a5 12.h3 Re8 13.O-O g6 14.Ne5 Nh5 15.Bh2 
Ng7 16.Qc3 a4 17.b4 axb3 18.Qxb3 Bd6 19.a4 f6 20.Nf3 Bxh2+ 21.Nxh2 Ra7 22.
Rfc1 Bf5 23.Be2 Be6 24.Nf3 Qc7 25.Ne1 Bf7 26.Nd3 Nf5 27.Bf3 Ra5 28.Rab1 
Nd6 29.Nc5 Ra7 30.Qb4 Nc4 31.Bg4 Kg7 32.Be2 b6 33.Nd3 Rea8 34.Bd1 g5 35.
Bc2 Bg6 36.Nb2 c5 37.dxc5 bxc5 38.Qc3 Nxb2 39.Qxb2 Bxc2 40.Qxc2 Rxa4 41.
Qf5 Rc4 42.Qxd5 Rxc1+ 43.Rxc1 Rc8 44.Qf5 c4 45.h4 gxh4 46.Qg4+ Kh8 47.Qxh4
Qc6 48.Rc3 Rg8 49.e4 Qe6 50.Ra3 Qd6 51.Rf3 Rg6 52.Rh3 Qd1+ 53.Kh2 Qd6+ 54.
g3 Rg7 55.Qh5 Re7 56.Rh4 c3 57.Qh6 Rg7 58.Rf4 Rg6 59.Qh3 Rg8 60.Rh4 Qe7 
61.Qf1 Qc5 62.Kg2 c2 63.Rh1 Rc8 64.Qc1 Qd4 65.Qf4 Re8 66.Rc1 Qxe4+ 1/2-1/2

[Event "19th EUR-ch"]
[Site "Batumi GEO"]
[Date "2018.03.26"]
[Round "9.24"]
[White "Lopez Martinez, Josep Manuel"]
[Black "Berkes, Ferenc"]
[Result "1/2-1/2"]
[WhiteElo "2584"]
[BlackElo "2671"]
[EventDate "2018.03.17"]
[PlyCount "92"]

1.e4 d6 2.d4 Nf6 3.Nd2 e5 4.c3 Nc6 5.Ngf3 g6 6.dxe5 Nxe5 7.Nxe5 dxe5 8.Bc4
Bg7 9.O-O O-O 10.a4 Ne8 11.Re1 Nd6 12.Bb3 Qe7 13.Nc4 Rd8 14.Nxd6 Rxd6 15.
Qc2 b6 16.Be3 Bb7 17.a5 Bf6 18.axb6 axb6 19.Rxa8+ Bxa8 20.f3 Bg5 21.Qc1 
Bxe3+ 22.Qxe3 Kg7 23.Rd1 Bc6 24.Rxd6 Qxd6 25.Kf2 h6 26.h4 f5 27.exf5 gxf5 
28.Bc2 f4 29.Qe2 Qc5+ 30.Kf1 Kf6 31.Be4 Bd7 32.Bd3 Bc6 33.Be4 Bd7 34.Bd3 
Qd5 35.Kg1 Be6 36.Qe4 Qxe4 37.Bxe4 Bf5 38.g4 fxg3 39.Kg2 Bxe4 40.fxe4 h5 
41.Kxg3 Ke6 42.Kf3 Kd6 43.Ke3 Kc5 44.Kd3 Kb5 45.b3 Kc5 46.Kd2 Kb5 1/2-1/2

[Event "19th EUR-ch"]
[Site "Batumi GEO"]
[Date "2018.03.26"]
[Round "9.25"]
[White "Motylev, Alexander"]
[Black "Postny, Evgeny"]
[Result "1/2-1/2"]
[WhiteElo "2669"]
[BlackElo "2579"]
[EventDate "2018.03.17"]
[PlyCount "204"]

1.e4 c6 2.d4 d5 3.e5 Bf5 4.Nf3 e6 5.c3 Nd7 6.Be2 Ne7 7.O-O c5 8.dxc5 Nc6 
9.b4 Ndxe5 10.Nd4 Bxb1 11.Rxb1 Be7 12.Nxc6 Nxc6 13.c4 dxc4 14.Bxc4 O-O 15.
Be3 Bf6 16.Bd3 Qc7 17.b5 Ne7 18.Be4 Rad8 19.Qc2 Nd5 20.Bxh7+ Kh8 21.Be4 
Nxe3 22.fxe3 Bg5 23.Rb3 f5 24.b6 Qe5 25.Bxb7 Bxe3+ 26.Kh1 Bxc5 27.bxa7 
Bxa7 28.Ba6 Rd4 29.Rh3+ Kg8 30.Qb3 Rb8 31.Re3 Re4 32.Rxe4 Qxe4 33.Qd3 Qxd3
34.Bxd3 Kf7 35.g4 g6 36.Rb1 Rd8 37.Bxf5 gxf5 38.gxf5 Bd4 39.fxe6+ Kxe6 40.
Kg2 Kd5 41.Re1 Rg8+ 42.Kf3 Rf8+ 43.Kg4 Rf2 44.h4 Rxa2 45.h5 Be5 46.h6 Ke6 
47.Rh1 Rg2+ 48.Kf3 Rg3+ 49.Ke4 Rg4+ 50.Kf3 Rf4+ 51.Ke3 Rf8 52.h7 Rd8 53.
Rh6+ Kf7 54.Ke4 Bg7 55.Ra6 Rh8 56.Kf5 Rxh7 57.Ra7+ Kg8 58.Kg6 Rh6+ 59.Kg5 
Rb6 60.Rd7 Bf6+ 61.Kf5 Kf8 62.Ra7 Be7 63.Rd7 Kf7 64.Rd5 Rh6 65.Ke4 Bd6 66.
Kf5 Rf6+ 67.Ke4 Ke6 68.Rh5 Rf4+ 69.Ke3 Ra4 70.Rh8 Kd5 71.Rd8 Ra3+ 72.Ke2 
Ke5 73.Kd2 Bc5 74.Rd3 Ra4 75.Rd8 Bd4 76.Re8+ Kd5 77.Ke2 Ra3 78.Re7 Be5 79.
Re8 Ke4 80.Re7 Ra2+ 81.Ke1 Kd4 82.Kf1 Bf4 83.Re2 Ra8 84.Re7 Be3 85.Ke2 
Ra2+ 86.Kf3 Rf2+ 87.Kg4 Rf4+ 88.Kh5 Rf6 89.Kg4 Bf4 90.Ra7 Be5 91.Kg5 Rf1 
92.Ra4+ Kd5 93.Kg4 Bd4 94.Rb4 Ke4 95.Ra4 Rg1+ 96.Kh4 Rg8 97.Rb4 Rg6 98.Ra4
Ke3 99.Kh5 Rg2 100.Rb4 Bc5 101.Rg4 Ra2 102.Kg6 Bd4 1/2-1/2

[Event "19th EUR-ch"]
[Site "Batumi GEO"]
[Date "2018.03.26"]
[Round "9.26"]
[White "Melkumian, Hrant"]
[Black "Stocek, Jiri"]
[Result "1-0"]
[WhiteElo "2664"]
[BlackElo "2567"]
[EventDate "2018.03.17"]
[PlyCount "111"]

1.c4 e5 2.g3 Nf6 3.Bg2 h6 4.Nf3 e4 5.Nd4 Nc6 6.Nc2 d5 7.cxd5 Qxd5 8.Nc3 
Qe6 9.d3 exd3 10.Qxd3 Ne5 11.Qd1 Bc5 12.O-O O-O 13.Bf4 Qe7 14.b4 Bb6 15.a4
Rd8 16.Qc1 a5 17.b5 c6 18.Be3 Bc7 19.bxc6 Nxc6 20.Rb1 Be5 21.Na3 Be6 22.
Rb5 Bd6 23.Nc2 Bc4 24.Rb1 Rac8 25.Bb6 Re8 26.Ne3 Be6 27.Qb2 Bb4 28.Rfd1 
Ne5 29.Na2 Nc4 30.Nxc4 Rxc4 31.Nxb4 Rxb4 32.Qe5 Ba2 33.Qxe7 Rxe7 34.Rxb4 
axb4 35.Bc5 Rxe2 36.Bxb4 Bc4 37.Bf1 Rb2 38.Bc3 Rb3 39.Bxc4 Rxc3 40.Rd8+ 
Kh7 41.Bxf7 Rc7 42.Ba2 Kg6 43.Rd4 Kf5 44.Kg2 Ke5 45.Rd2 Ne4 46.f4+ Kf6 47.
Rb2 Nc5 48.a5 Ke7 49.Bd5 Kd8 50.Kh3 Kc8 51.Kh4 Kb8 52.Kh5 Ka7 53.Rc2 Ka6 
54.Kg6 Kb5 55.f5 Rd7 56.Bf7 1-0

[Event "19th EUR-ch"]
[Site "Batumi GEO"]
[Date "2018.03.26"]
[Round "9.27"]
[White "Vavulin, Maksim"]
[Black "Lenic, Luka"]
[Result "1/2-1/2"]
[WhiteElo "2583"]
[BlackElo "2662"]
[EventDate "2018.03.17"]
[PlyCount "82"]

1.e4 c5 2.Nf3 Nc6 3.Nc3 e5 4.Bc4 Be7 5.Nd5 d6 6.d3 Nf6 7.Nxe7 Qxe7 8.c3 
Be6 9.Bb5 h6 10.h3 Rc8 11.O-O a6 12.Bxc6+ Rxc6 13.d4 Bd7 14.Qb3 Rc7 15.Re1
O-O 16.Bd2 b5 17.Qa3 Bc8 18.Qa5 Bb7 19.d5 Ne8 20.a4 f5 21.axb5 axb5 22.
Qxb5 fxe4 23.Nh2 Bxd5 24.b4 Qf7 25.Be3 cxb4 26.Qxb4 Rb7 27.Qa5 Bc4 28.Qd8 
Bd3 29.Ng4 Qe7 30.Qa8 h5 31.Nh2 Nf6 32.Qa5 Qe6 33.Rac1 Nd5 34.Bg5 Rb2 35.
f3 exf3 36.Nxf3 Qf7 37.Nh4 Nb6 38.c4 Qf2+ 39.Kh2 Rb3 40.c5 dxc5 41.Qxc5 
Qxc5 1/2-1/2

[Event "19th EUR-ch"]
[Site "Batumi GEO"]
[Date "2018.03.26"]
[Round "9.28"]
[White "Meier, Georg"]
[Black "Deac, Bogdan-Daniel"]
[Result "1/2-1/2"]
[WhiteElo "2648"]
[BlackElo "2572"]
[EventDate "2018.03.17"]
[PlyCount "104"]

1.d4 Nf6 2.c4 e6 3.Nf3 d5 4.g3 Be7 5.Bg2 O-O 6.O-O dxc4 7.Qc2 b6 8.Ne5 
Qxd4 9.Bxa8 Qxe5 10.Bf3 Nd5 11.Qxc4 Ba6 12.Qa4 Bf6 13.Re1 c5 14.Nd2 b5 15.
Qc2 Be7 16.Bg2 Nb4 17.Qb1 Rd8 18.Ne4 Nd5 19.Nd2 Nc6 20.Nf3 Qh5 21.Bd2 e5 
22.a3 Bc8 23.h4 h6 24.a4 b4 25.Qc2 Be6 26.a5 Rc8 27.a6 Nf6 28.Be3 b3 29.
Qc3 c4 30.Nd2 Nd5 31.Bxd5 Bxd5 32.Ra4 Bxh4 33.Nf3 Bf6 34.Rxc4 e4 35.Nd4 
Bxc4 36.Qxc4 Bxd4 37.Bxd4 Qa5 38.Bc3 Qf5 39.Rd1 e3 40.fxe3 Nb8 41.Qxb3 
Nxa6 42.Qd5 Qxd5 43.Rxd5 Nc5 44.Bd4 Ne4 45.Kg2 a6 46.g4 Rc6 47.Rd8+ Kh7 
48.Rd7 Kg6 49.Kf3 Ng5+ 50.Kf2 Ne4+ 51.Kf3 Ng5+ 52.Kf2 Ne4+ 1/2-1/2